[Event "OLNN 1819 SK Marmstorf - Schachfreunde "]
[Site "?"]
[Date "2019.02.24"]
[Round "7.5"]
[White "Jaeckle, Marco"]
[Black "Mueller, Tobias"]
[Result "1-0"]
[WhiteElo "2225"]
[BlackElo "2111"]
[PlyCount "59"]
[EventDate "2019.??.??"]

1. e4 c5 2. b4 cxb4 3. a3 bxa3 4. Nxa3 Nf6 5. e5 Nd5 6. c4 Nc7 7. Bb2 d6 8. Nf3
Nc6 9. Be2 d5 10. Nb5 e6 11. O-O Be7 12. Nd6+ Bxd6 13. exd6 Qxd6 14. Bxg7 Rg8
15. Bb2 d4 16. Qb1 Rg7 17. Bd3 Bd7 18. g3 Qf4 19. Be4 e5 20. Re1 O-O-O 21. Nxe5
Qxe5 22. Bxc6 Qd6 23. Bxd7+ Qxd7 24. Re4 Rg4 25. f4 Ne6 26. Rxa7 f5 27. Re5
Nxf4 28. Rc5+ Kb8 29. Qa1 Ne2+ 30. Kf2 1-0

[Event "OLNN 1819 SK Marmstorf - Schachfreunde "]
[Site "?"]
[Date "2019.02.24"]
[Round "7.6"]
[White "Hohlbein, Michael"]
[Black "Andersen, Jens Knud"]
[Result "0-1"]
[WhiteElo "2122"]
[BlackElo "2145"]
[PlyCount "82"]
[EventDate "2019.??.??"]

1. d4 e6 2. Bf4 Nf6 3. e3 d5 4. Nf3 Bd6 5. Ne5 O-O 6. Nd2 Nfd7 7. Bd3 Qe8 8.
Qh5 f5 9. Qe2 Bxe5 10. Bxe5 Nxe5 11. dxe5 Nd7 12. f4 Nc5 13. O-O-O Qa4 14. Kb1
Bd7 15. Nb3 Nxd3 16. Qxd3 b6 17. g4 c5 18. Nc1 fxg4 19. b3 Qc6 20. c4 Rad8 21.
cxd5 exd5 22. Ka1 Bf5 23. Qc3 Be4 24. Rhg1 Bf3 25. Rdf1 d4 26. exd4 Rxd4 27.
Re1 Rdxf4 28. Nd3 Re4 29. Nf2 Rxe1+ 30. Rxe1 Re8 31. Qc4+ Qe6 32. Qf4 h5 33. h3
Rf8 34. Qg3 Qd5 35. e6 Re8 36. e7 Qd4+ 37. Kb1 Kf7 38. hxg4 hxg4 39. Qh4 Qf6
40. Qh2 Rxe7 41. Qh5+ Kg8 0-1

[Event "OLNN 1819 SK Marmstorf - Schachfreunde "]
[Site "?"]
[Date "2019.02.24"]
[Round "7.7"]
[White "Kull, Florian"]
[Black "Diekmann, Jens"]
[Result "1/2-1/2"]
[WhiteElo "2191"]
[BlackElo "2031"]
[PlyCount "52"]
[EventDate "2019.??.??"]

1. c4 Nf6 2. Nc3 c5 3. Nf3 d5 4. cxd5 Nxd5 5. e4 Nb4 6. d4 cxd4 7. Bc4 e6 8.
Nb5 N8c6 9. Bf4 Na6 10. O-O Be7 11. Nbxd4 Bd7 12. Qe2 Nxd4 13. Nxd4 Qa5 14.
Rfd1 Nb8 15. Nb5 Bxb5 16. Bxb5+ Nc6 17. a3 O-O 18. b4 Qb6 19. Rd7 Nd4 20. Qe3
Qxb5 21. Qxd4 Bf6 22. e5 Rfd8 23. Rd1 Rxd7 24. Qxd7 Qxd7 25. Rxd7 Rd8 26. Rxd8+
Bxd8 {(=)} 1/2-1/2

[Event "OLNN 1819 SK Marmstorf - Schachfreunde "]
[Site "?"]
[Date "2019.02.24"]
[Round "7.8"]
[White "Peschke, Matthias"]
[Black "Kluenger, Marc"]
[Result "0-1"]
[WhiteElo "2001"]
[BlackElo "2198"]
[PlyCount "36"]
[EventDate "2019.??.??"]

1. c4 e5 2. g3 Nf6 3. Bg2 h6 4. Nc3 Bb4 5. d3 O-O 6. e3 d5 7. Qb3 Bxc3+ 8. bxc3
dxc4 9. dxc4 Nbd7 10. Nf3 Nc5 11. Qd1 Nd3+ 12. Ke2 e4 13. Nd2 Bg4+ 14. f3 Nxc1+
15. Rxc1 Qd3+ 16. Kf2 exf3 17. Bxf3 Bxf3 18. Kxf3 Rad8 0-1

[Event "OLNN 1819 Hamburger SK III - SC Königs"]
[Site "?"]
[Date "2019.02.24"]
[Round "7.1"]
[White "Pfreundt, Jakob"]
[Black "Gaede, Derek"]
[Result "1-0"]
[WhiteElo "2381"]
[BlackElo "2307"]
[PlyCount "145"]
[EventDate "2019.??.??"]

1. c4 Nf6 2. g3 e6 3. Nf3 d5 4. Bg2 d4 5. O-O c5 6. e3 Nc6 7. exd4 cxd4 8. d3
Bd6 9. Bg5 h6 10. Bxf6 Qxf6 11. Nbd2 Qd8 12. a3 a5 13. Qc2 O-O 14. Rfe1 Rb8 15.
c5 Be7 16. Rab1 b6 17. cxb6 Qxb6 18. Nc4 Qa6 19. Nfe5 Nxe5 20. Nxe5 Bb7 21.
Bxb7 Rxb7 22. Qc6 Rb6 23. Qa4 Rb5 24. Nc4 Ra8 25. Re4 Rf5 26. Rbe1 Qb7 27. Qd1
a4 28. Re5 Rf6 29. Qe2 Qb3 30. Qe4 Rc8 31. Ra5 g6 32. Ra8 Rxa8 33. Qxa8+ Kg7
34. Qe4 Rf5 35. Kg2 h5 36. h3 Qc2 37. Re2 Qd1 38. Rd2 Qb3 39. Qxd4+ Bf6 40. Qe4
Rd5 41. h4 Rd4 42. Qe2 Qb7+ 43. Qf3 Qd7 44. Ne3 e5 45. Rc2 Rxd3 46. Rc6 Rd6 47.
Rxd6 Qxd6 48. Qxh5 Qd2 49. Qg4 Qxb2 50. Qxa4 Be7 51. Qe4 Bc5 52. a4 Bd4 53. a5
f5 54. Qf3 Qa2 55. Qd5 Qa4 56. h5 Bc3 57. hxg6 Kxg6 58. Qe6+ Kh7 59. Qxf5+ Kg7
60. Qg4+ Qxg4 61. Nxg4 Bxa5 62. Nxe5 Kf6 63. f4 Bc3 64. Ng4+ Kf5 65. Kf3 Bd4
66. Ne3+ Kg6 67. g4 Bb2 68. Ke4 Kh6 69. Nf5+ Kg6 70. Nh4+ Kh6 71. Nf3 Kg6 72.
f5+ Kh6 73. Kd5 1-0

[Event "OLNN 1819 Hamburger SK III - SC Königs"]
[Site "?"]
[Date "2019.02.24"]
[Round "7.2"]
[White "Pajeken, Jakob Leon"]
[Black "Zimmermann, Julian"]
[Result "1/2-1/2"]
[WhiteElo "2297"]
[BlackElo "2297"]
[PlyCount "89"]
[EventDate "2019.??.??"]

1. d4 Nf6 2. Nf3 e6 3. Bf4 c5 4. e3 d5 5. c3 Nc6 6. Nbd2 Be7 7. h3 Bd6 8. dxc5
Bxc5 9. Bd3 Bd6 10. Bxd6 Qxd6 11. Qe2 Ne5 12. Nxe5 Qxe5 13. e4 dxe4 14. Nxe4
Bd7 15. O-O Nxe4 16. Qxe4 Qxe4 17. Bxe4 O-O-O 18. Rfd1 Bb5 19. f3 Be2 20. Rd4
f5 21. Bc2 Rxd4 22. cxd4 Kd7 23. Bb3 Rc8 24. Kf2 Bc4 25. Bd1 f4 26. Bc2 h6 27.
b3 Bd5 28. Bd3 a5 29. Ke2 a4 30. bxa4 Rc3 31. Rb1 Ra3 32. Rb2 Kd6 33. Bc2 Rxa2
34. Rxa2 Bxa2 35. Kd3 b6 36. Kc3 g5 37. Be4 Bd5 38. Bxd5 Kxd5 39. Kd3 Kc6 40.
Kc4 Kd6 41. Kb5 Kc7 42. Kb4 Kc6 43. Kc4 Kd6 44. Kb5 Kc7 45. Kc4 1/2-1/2

[Event "OLNN 1819 Hamburger SK III - SC Königs"]
[Site "?"]
[Date "2019.02.24"]
[Round "7.3"]
[White "Rosmann, Ilja"]
[Black "Zieher, Hartmut"]
[Result "1-0"]
[WhiteElo "2304"]
[BlackElo "2170"]
[PlyCount "65"]
[EventDate "2019.??.??"]

1. e4 d6 2. d4 Nf6 3. Nc3 Nbd7 4. Nf3 e5 5. dxe5 dxe5 6. Bc4 Be7 7. Qe2 h6 8.
O-O c6 9. Rd1 Qc7 10. a4 Nf8 11. Nh4 g6 12. h3 Ne6 13. Be3 Nh5 14. Bxe6 Bxe6
15. Nf3 Nf6 16. Rd2 Kf8 17. Rf1 Kg7 18. Nh2 g5 19. Rfd1 Kh7 20. Nf1 a5 21. Ng3
Rad8 22. Nf5 Bb4 23. Qf3 Rxd2 24. Bxd2 Kg6 25. g4 Bc5 26. Ne2 h5 27. Bc3 hxg4
28. hxg4 Ng8 29. Neg3 Ne7 30. Nh5 Bxf5 31. exf5+ Kh7 32. Nf6+ Kg7 33. Ne4 1-0

[Event "OLNN 1819 Hamburger SK III - SC Königs"]
[Site "?"]
[Date "2019.02.24"]
[Round "7.4"]
[White "Bracker, Arne"]
[Black "Schmidt, Jan-Peter"]
[Result "0-1"]
[WhiteElo "2202"]
[BlackElo "2219"]
[PlyCount "92"]
[EventDate "2019.??.??"]

1. e4 d6 2. d4 Nf6 3. Nc3 g6 4. Nf3 Bg7 5. Be3 O-O 6. Qd2 Bg4 7. Bh6 Nc6 8.
O-O-O e5 9. dxe5 dxe5 10. Qe3 Qc8 11. Be2 Bxf3 12. Bxf3 Nd4 13. h4 Bxh6 14.
Qxh6 Qe6 15. Kb1 Rad8 16. Rdg1 c6 17. Bd1 Ng4 18. Bxg4 Qxg4 19. h5 Qf4 20. hxg6
Qxh6 21. Rxh6 hxg6 22. Rgh1 Kg7 23. Rh7+ Kf6 24. Nd1 Ne6 25. f3 Ng5 26. R7h2
Rd2 27. Kc1 Rfd8 28. Ne3 Re2 29. Ng4+ Ke6 30. Rd1 Rd4 31. Rxd4 exd4 32. Kd1 d3
33. cxd3 Rxb2 34. f4 f5 35. exf5+ gxf5 36. Rh6+ Ke7 37. Ne3 Nf7 38. Nxf5+ Ke8
39. Rg6 Rxa2 40. Ke1 a5 41. g4 a4 42. Rg8+ Kd7 43. g5 Nd8 44. Ne3 a3 45. Kd1
Rf2 46. Nc2 a2 0-1

[Event "OLNN 1819 Hamburger SK III - SC Königs"]
[Site "?"]
[Date "2019.02.24"]
[Round "7.5"]
[White "Borgmeyer, Max"]
[Black "Woelk, Tom-Frederic"]
[Result "0-1"]
[WhiteElo "2192"]
[BlackElo "2194"]
[PlyCount "74"]
[EventDate "2019.??.??"]

1. e4 c5 2. Nf3 d6 3. d4 cxd4 4. Nxd4 Nf6 5. Nc3 a6 6. Be3 e5 7. Nb3 Be6 8. f3
Be7 9. Qd2 O-O 10. O-O-O Nbd7 11. g4 b5 12. g5 Nh5 13. Kb1 Nb6 14. Rg1 b4 15.
Nd5 Bxd5 16. exd5 a5 17. Qf2 Nd7 18. Nc1 f5 19. gxf6 Rxf6 20. Bh3 Nf4 21. Bg4
Nf8 22. Qg3 N8g6 23. Rd2 Qf8 24. Qe1 Qf7 25. Qd1 Kh8 26. Bd7 Bd8 27. Bc6 Rb8
28. Rg3 Bb6 29. Bxb6 Rxb6 30. Qg1 Rb8 31. Qd1 Nh4 32. Nb3 Nh5 33. Rh3 Nxf3 34.
Rf2 Nd2+ 35. Qxd2 Rxf2 36. Qg5 Rf1+ 37. Nc1 Qf4 0-1

[Event "OLNN 1819 Hamburger SK III - SC Königs"]
[Site "?"]
[Date "2019.02.24"]
[Round "7.6"]
[White "Bente, Bjoern"]
[Black "Wolter, Michael"]
[Result "1-0"]
[WhiteElo "2245"]
[BlackElo "2154"]
[PlyCount "61"]
[EventDate "2019.??.??"]

1. d4 d5 2. c4 e6 3. Nf3 Nf6 4. g3 Be7 5. Bg2 O-O 6. O-O b6 7. cxd5 exd5 8. Nc3
Bb7 9. Bf4 Na6 10. Rc1 c6 11. Ne5 b5 12. e4 b4 13. exd5 cxd5 14. Na4 Rc8 15.
Rxc8 Qxc8 16. Qe2 Qe8 17. Qc2 Qb5 18. Rc1 Rc8 19. Qxc8+ Bxc8 20. Rxc8+ Bf8 21.
Nc6 Qb7 22. Bh3 h5 23. Bd6 Ng4 24. Rxf8+ Kh7 25. Ne5 Qb5 26. b3 Qe2 27. Nxg4
hxg4 28. Bf1 Qe6 29. Bd3+ Kh6 30. Bf4+ g5 31. Be5 1-0

[Event "OLNN 1819 Hamburger SK III - SC Königs"]
[Site "?"]
[Date "2019.02.24"]
[Round "7.7"]
[White "Harder, Clemens"]
[Black "Hinrichs, Lars"]
[Result "0-1"]
[WhiteElo "2179"]
[BlackElo "2234"]
[PlyCount "62"]
[EventDate "2019.??.??"]

1. d4 Nf6 2. c4 e6 3. Nc3 Bb4 4. Qc2 O-O 5. a3 Bxc3+ 6. Qxc3 b5 7. cxb5 c6 8.
f3 Nd5 9. Qd3 cxb5 10. e4 Nb6 11. Ne2 Nc6 12. b3 a5 13. Ng3 b4 14. a4 Ba6 15.
Qd2 Bxf1 16. Rxf1 f5 17. Bb2 Qh4 18. Qf2 fxe4 19. Nxe4 Qxh2 20. O-O-O Nd5 21.
Kb1 Qf4 22. Rde1 Rab8 23. Nc5 Nc3+ 24. Bxc3 bxc3 25. Re4 Qf5 26. Nxd7 Rxb3+ 27.
Kc1 Nb4 28. Qh4 Na2+ 29. Kc2 Rb2+ 30. Kd3 Nb4+ 31. Ke3 Rd2 0-1

[Event "OLNN 1819 Hamburger SK III - SC Königs"]
[Site "?"]
[Date "2019.02.24"]
[Round "7.8"]
[White "Bach, Matthias"]
[Black "Lampe, Joerg"]
[Result "1/2-1/2"]
[WhiteElo "2307"]
[BlackElo "2112"]
[PlyCount "109"]
[EventDate "2019.??.??"]

1. e4 c5 2. b4 cxb4 3. Nf3 d5 4. exd5 Qxd5 5. c4 bxc3 6. Nxc3 Qd8 7. Bb5+ Bd7
8. Rb1 e6 9. Bxd7+ Qxd7 10. Ne5 Qd4 11. Qe2 Nc6 12. Nxc6 bxc6 13. O-O Bd6 14.
Ne4 Nf6 15. Nxd6+ Qxd6 16. Qa6 Ng4 17. g3 O-O 18. Ba3 Qd5 19. Bxf8 Rxf8 20. Qe2
Ne5 21. f4 Nd3 22. Rf3 Nc5 23. Rc3 Ne4 24. Rd3 Qc5+ 25. Kg2 f5 26. Rb7 Kh8 27.
Qe3 Qc2 28. Qd4 Rg8 29. Rb8 h6 30. Rdb3 Qd1 31. Qe3 Kh7 32. Rb1 Qc2 33. R8b2
Qa4 34. d3 Nc3 35. Rc1 Nd1 36. Rxd1 Qxd1 37. Rb7 Qc2+ 38. Kh3 Qxa2 39. Rxa7 Qb1
40. Qxe6 Qf1+ 41. Kh4 Qxd3 42. Rf7 Qd5 43. Qxd5 cxd5 44. Rxf5 Rd8 45. Re5 Kg6
46. Kg4 Kf6 47. Kf3 g5 48. Ke3 d4+ 49. Kd3 gxf4 50. gxf4 Rd7 51. h4 Rd8 52. Ra5
Rd6 53. h5 Ke6 54. Re5+ Kf6 55. Ra5 {(=)} 1/2-1/2

[Event "OLNN 1819 SF Schwerin - SC Königssprin"]
[Site "?"]
[Date "2019.03.24"]
[Round "8.1"]
[White "Pfreundt, Jakob"]
[Black "Horvath, Csaba"]
[Result "0-1"]
[WhiteElo "2384"]
[BlackElo "2510"]
[PlyCount "40"]
[EventDate "2019.??.??"]

1. e4 c5 2. Nf3 e6 3. g3 b6 4. Bg2 Bb7 5. d3 Nf6 6. O-O d5 7. exd5 Nxd5 8. c4
Nf6 9. d4 cxd4 10. Nxd4 Bxg2 11. Kxg2 a6 12. Qf3 Nbd7 13. Bf4 Qc8 14. Nc3 Be7
15. Nc6 Qb7 16. b4 h6 17. h4 g5 18. hxg5 hxg5 19. Bxg5 Rh5 20. Nxe7 Rh2+ 0-1

[Event "OLNN 1819 SF Schwerin - SC Königssprin"]
[Site "?"]
[Date "2019.03.24"]
[Round "8.2"]
[White "Horvath, Jozsef"]
[Black "Zimmermann, Julian"]
[Result "1-0"]
[WhiteElo "2489"]
[BlackElo "2297"]
[PlyCount "55"]
[EventDate "2019.??.??"]

1. d4 Nf6 2. Nf3 b6 3. e3 e6 4. c4 Bb7 5. Bd3 c5 6. Nc3 d5 7. cxd5 exd5 8. O-O
Bd6 9. b3 O-O 10. Bb2 Nc6 11. dxc5 Bxc5 12. Ne2 Ne4 13. Rc1 a5 14. Ned4 Ne7 15.
Ne5 Ng6 16. Nf5 Nxe5 17. Bxe5 Qg5 18. g4 Bc8 19. h4 Qd8 20. Bxe4 dxe4 21. Bxg7
Bxf5 22. Bxf8 Qxh4 23. Bxc5 Rd8 24. Bd6 Qh3 25. gxf5 h5 26. Be5 Rxd1 27. Rc8+
Kh7 28. Rh8# 1-0

[Event "OLNN 1819 SF Schwerin - SC Königssprin"]
[Site "?"]
[Date "2019.03.24"]
[Round "8.3"]
[White "Schmidt, Jan-Peter"]
[Black "Seres, Lajos"]
[Result "1/2-1/2"]
[WhiteElo "2237"]
[BlackElo "2434"]
[PlyCount "22"]
[EventDate "2019.??.??"]

1. Nf3 Nf6 2. c4 c6 3. Nc3 d5 4. e3 a6 5. Qc2 g6 6. d4 Bg7 7. Bd3 O-O 8. O-O
Nbd7 9. b3 b5 10. Bb2 Bb7 11. Rfd1 Rc8 1/2-1/2

[Event "OLNN 1819 SF Schwerin - SC Königssprin"]
[Site "?"]
[Date "2019.03.24"]
[Round "8.4"]
[White "De Jong, Migchiel"]
[Black "Borgmeyer, Max"]
[Result "1-0"]
[WhiteElo "2339"]
[BlackElo "2182"]
[PlyCount "89"]
[EventDate "2019.??.??"]

1. e4 c5 2. Nf3 d6 3. Bb5+ Nd7 4. O-O a6 5. Bxd7+ Bxd7 6. d4 cxd4 7. Qxd4 e5 8.
Qd3 h6 9. Nc3 Nf6 10. a4 Be7 11. Nd2 Be6 12. Nc4 Qc7 13. Ne3 Qc6 14. Ncd5 Bxd5
15. exd5 Qc5 16. c4 g6 17. a5 Nd7 18. Bd2 Rc8 19. b4 Qd4 20. Qe2 f5 21. Rfc1
Qh4 22. g3 Qh3 23. f3 O-O 24. Qg2 Qh5 25. Ra3 f4 26. g4 Qg5 27. Nd1 e4 28. fxe4
Ne5 29. Rac3 Qxg4 30. Qxg4 Nxg4 31. Nf2 Ne5 32. c5 dxc5 33. bxc5 g5 34. d6 Bd8
35. Rb3 g4 36. Kh1 Rf7 37. Nd3 Nf3 38. Bxf4 Bxa5 39. Rcb1 Ne1 40. Nxe1 Rxf4 41.
Nd3 Rxe4 42. Rxb7 Rd4 43. d7 Rf8 44. Ne5 Re4 45. Nc6 1-0

[Event "OLNN 1819 SF Schwerin - SC Königssprin"]
[Site "?"]
[Date "2019.03.24"]
[Round "8.5"]
[White "Hloskovsky, Andrei"]
[Black "Kesten, Sebastian"]
[Result "0-1"]
[WhiteElo "2084"]
[BlackElo "2287"]
[PlyCount "88"]
[EventDate "2019.??.??"]

1. e4 c5 2. Nc3 g6 3. g3 Bg7 4. Bg2 Nc6 5. d3 e6 6. Be3 d6 7. Qd2 Rb8 8. f4
Nge7 9. Nf3 Nd4 10. Nd1 b6 11. O-O O-O 12. Qf2 Nxf3+ 13. Bxf3 f5 14. c4 Bb7 15.
Qg2 Qd7 16. Nc3 Nc6 17. exf5 gxf5 18. Rab1 Nd4 19. Bxb7 Qxb7 20. Qxb7 Rxb7 21.
Bxd4 Bxd4+ 22. Kg2 a6 23. a4 Rfb8 24. Rfe1 Kf7 25. Re2 b5 26. axb5 Bxc3 27.
bxc3 axb5 28. Reb2 b4 29. Kf3 Kf6 30. Ke3 e5 31. fxe5+ dxe5 32. cxb4 Rxb4 33.
Rxb4 Rxb4 34. Ra1 Rb3 35. Ra5 e4 36. Rxc5 Rxd3+ 37. Ke2 Ra3 38. Rd5 Ke6 39. g4
f4 40. h4 f3+ 41. Kf2 Ra2+ 42. Kg3 f2 43. Rf5 e3 44. Rf3 Re2 0-1

[Event "OLNN 1819 SF Schwerin - SC Königssprin"]
[Site "?"]
[Date "2019.03.24"]
[Round "8.6"]
[White "Reichmann, Hendrik"]
[Black "Stanau, Guido"]
[Result "1-0"]
[WhiteElo "2341"]
[BlackElo "2015"]
[PlyCount "61"]
[EventDate "2019.??.??"]

1. d4 Nf6 2. Bf4 g6 3. Nc3 Bg7 4. e4 d6 5. Qd2 O-O 6. Bh6 c5 7. Bxg7 Kxg7 8. d5
Nbd7 9. f4 Rb8 10. Nf3 Qa5 11. e5 dxe5 12. fxe5 Ng4 13. Qf4 Qb4 14. Qd2 Ngxe5
15. O-O-O Nxf3 16. gxf3 Nf6 17. Qe3 Bd7 18. a3 Qb6 19. h4 h5 20. Rg1 Rbd8 21.
Bd3 Qd6 22. Rg5 Rh8 23. Rdg1 Rh6 24. R1g2 b6 25. Re2 Qc7 26. Reg2 Be8 27. Re5
Ng8 28. Re2 Qd6 29. f4 Qf6 30. Qg3 Bd7 31. Ne4 1-0

[Event "OLNN 1819 SF Schwerin - SC Königssprin"]
[Site "?"]
[Date "2019.03.24"]
[Round "8.7"]
[White "Moehrmann, Marcus"]
[Black "Schulz, Karsten"]
[Result "1/2-1/2"]
[WhiteElo "2049"]
[BlackElo "2243"]
[PlyCount "77"]
[EventDate "2019.??.??"]

1. d4 Nf6 2. c4 g6 3. Nc3 Bg7 4. e4 O-O 5. Nf3 c6 6. h3 d5 7. e5 Ne4 8. Bd3
Nxc3 9. bxc3 f6 10. O-O fxe5 11. Nxe5 Nd7 12. f4 Nxe5 13. fxe5 Rxf1+ 14. Qxf1
Be6 15. a4 c5 16. Be3 Qa5 17. cxd5 Bxd5 18. Bc4 cxd4 19. cxd4 e6 20. Bxd5 Qxd5
21. Qf3 Qxf3 22. gxf3 Rc8 23. a5 a6 24. Rb1 Rc7 25. Kf2 Bf8 26. Ke2 Be7 27. Rb6
Kf7 28. Kd3 Rd7 29. Rb1 Bd8 30. Bd2 Ke8 31. f4 Kf7 32. h4 h5 33. Be1 Ke8 34.
Ke4 Kf7 35. Rb2 Ke8 36. Rg2 Kf7 37. Rb2 Ke8 38. Rg2 Kf7 39. Rb2 1/2-1/2

[Event "OLNN 1819 SF Schwerin - SC Königssprin"]
[Site "?"]
[Date "2019.03.24"]
[Round "8.8"]
[White "Wolf, Christoph"]
[Black "Goetz, Claus"]
[Result "1-0"]
[WhiteElo "2227"]
[BlackElo "1916"]
[PlyCount "79"]
[EventDate "2019.??.??"]

1. e4 c5 2. Nf3 Nc6 3. Bb5 d6 4. O-O Bd7 5. Re1 g6 6. c3 a6 7. Bc4 Bg7 8. d4
cxd4 9. cxd4 Nf6 10. e5 dxe5 11. Ng5 O-O 12. dxe5 Ng4 13. Nxf7 Qb6 14. Rf1 Qd4
15. Qxd4 Nxd4 16. h3 Rxf7 17. hxg4 e6 18. Nc3 b5 19. Bd3 Bxe5 20. Be3 Bg7 21.
Rad1 e5 22. Be4 Bc6 23. Bxc6 Nxc6 24. Rd6 Nd4 25. Ne4 Rc7 26. Rd1 a5 27. g5 Nf5
28. Rd8+ Rxd8 29. Rxd8+ Kf7 30. Bc5 h6 31. Rb8 Nd4 32. Rb6 b4 33. Ra6 Nc6 34.
gxh6 Bxh6 35. Bd6 Rc8 36. Bxe5 Bf8 37. Bf4 Ke6 38. Be3 Kd5 39. Nf6+ Kc4 40. Nd7
1-0

[Event "OLNN 1819 SC Diogenes - SG Turm Kiel II"]
[Site "?"]
[Date "2019.03.24"]
[Round "8.1"]
[White "Berg, Klaus"]
[Black "Schulenburg, Fabian"]
[Result "1/2-1/2"]
[WhiteElo "2298"]
[BlackElo "2281"]
[PlyCount "54"]
[EventDate "2019.??.??"]

1. d4 d5 2. c4 c6 3. Nf3 Nf6 4. cxd5 cxd5 5. Nc3 Nc6 6. Bf4 a6 7. Rc1 Bf5 8. e3
e6 9. Qb3 Ra7 10. Be2 Bd6 11. Bxd6 Qxd6 12. O-O O-O 13. Na4 Bg4 14. h3 Bxf3 15.
Bxf3 Nd7 16. Nc5 Nxc5 17. Rxc5 f5 18. Rfc1 Qd7 19. Qc3 Raa8 20. Be2 Rfc8 21. b4
Ne7 22. Rc7 Qd8 23. b5 axb5 24. Bxb5 Nc6 25. Rxc8 Rxc8 26. Qa3 Ne7 27. Rxc8
Nxc8 {(=)} 1/2-1/2

[Event "OLNN 1819 SC Diogenes - SG Turm Kiel II"]
[Site "?"]
[Date "2019.03.24"]
[Round "8.2"]
[White "Schulenburg, Torben"]
[Black "Michna, Marta"]
[Result "0-1"]
[WhiteElo "2167"]
[BlackElo "2350"]
[PlyCount "80"]
[EventDate "2019.??.??"]

1. d4 Nf6 2. c4 c5 3. d5 e6 4. Nc3 exd5 5. cxd5 Bd6 6. Nf3 O-O 7. g3 Re8 8. Nd2
Bf8 9. Bg2 d6 10. O-O Bd7 11. a4 Na6 12. Re1 Nb4 13. Nc4 a6 14. e4 b5 15. axb5
axb5 16. Rxa8 Qxa8 17. Nb6 Qb7 18. Nxd7 Nxd7 19. b3 Ne5 20. Re3 c4 21. Ba3 Nbd3
22. b4 Ra8 23. Nb1 Ra4 24. Bf1 Qa7 25. Bxd3 Nxd3 26. Rxd3 cxd3 27. Qxd3 Qc7 28.
Kf1 g6 29. Ke2 Bg7 30. Kd1 Qb6 31. Ke2 h5 32. h4 Bd4 33. f4 Bg7 34. Kd1 Qg1+
35. Kc2 Ra8 36. Kb3 Qe1 37. Kc2 Rc8+ 38. Kb3 Rc4 39. e5 dxe5 40. d6 Rd4 0-1

[Event "OLNN 1819 SC Diogenes - SG Turm Kiel II"]
[Site "?"]
[Date "2019.03.24"]
[Round "8.3"]
[White "Boe, Mads"]
[Black "Korba, Roman"]
[Result "1-0"]
[WhiteElo "2295"]
[BlackElo "2146"]
[PlyCount "79"]
[EventDate "2019.??.??"]

1. e4 e6 2. d4 d5 3. e5 c5 4. c3 Nc6 5. Be3 Nge7 6. Bd3 Nf5 7. Nf3 cxd4 8. cxd4
Be7 9. Nc3 O-O 10. O-O Nxe3 11. fxe3 f5 12. exf6 Bxf6 13. Rc1 Kh8 14. a3 Bd7
15. Qc2 g6 16. b4 Rc8 17. Qd2 Bg7 18. Ne2 e5 19. b5 e4 20. bxc6 Bxc6 21. Ne5
exd3 22. Qxd3 Qe7 23. Rxf8+ Rxf8 24. Nf3 Bh6 25. Rc3 a6 26. Qd2 Bb5 27. Ng3 Re8
28. Ne5 Bg7 29. Nf3 h5 30. h3 h4 31. Nh1 Bh6 32. Ne5 Qf6 33. Nf2 Bg5 34. Rc7
Rf8 35. Rc3 Qf5 36. Nfg4 Qe4 37. Qc2 Rf1+ 38. Kh2 Bf4+ 39. exf4 Qxf4+ 40. g3 {
(Zeit)} 1-0

[Event "OLNN 1819 SC Diogenes - SG Turm Kiel II"]
[Site "?"]
[Date "2019.03.24"]
[Round "8.4"]
[White "Gottuk, Stefan"]
[Black "Zeller, Joerg"]
[Result "1/2-1/2"]
[WhiteElo "2137"]
[BlackElo "2176"]
[PlyCount "85"]
[EventDate "2019.??.??"]

1. d4 Nf6 2. Bf4 e6 3. e3 b6 4. Nd2 Be7 5. c3 Bb7 6. h3 d6 7. Ngf3 Nbd7 8. Bd3
c5 9. Qe2 Qc7 10. Bh2 O-O 11. O-O Rfd8 12. Rfd1 Rac8 13. a4 a5 14. Nc4 Qc6 15.
Na3 Nf8 16. Bb5 Qc7 17. Nc4 Ne4 18. Nfd2 Nxd2 19. Nxd2 Ng6 20. Bg3 Bh4 21. Bh2
Be7 22. Nc4 Bd5 23. e4 Bxc4 24. Qxc4 cxd4 25. Qxc7 Rxc7 26. Rxd4 e5 27. Rd5 Nf8
28. Rad1 Ne6 29. f3 g6 30. Kf1 Rb8 31. Bg1 Nf4 32. R5d2 Ne6 33. Be3 Kg7 34. g3
f5 35. exf5 gxf5 36. Kg2 Kf6 37. Rd5 Rcc8 38. Bd7 Rg8 39. Bxe6 Kxe6 40. g4 h5
41. Rb5 hxg4 42. hxg4 fxg4 43. f4 1/2-1/2

[Event "OLNN 1819 SC Diogenes - SG Turm Kiel II"]
[Site "?"]
[Date "2019.03.24"]
[Round "8.5"]
[White "Boehm, Thomas"]
[Black "Laqua, Christian"]
[Result "1/2-1/2"]
[WhiteElo "2116"]
[BlackElo "2141"]
[PlyCount "83"]
[EventDate "2019.??.??"]

1. e4 Nf6 2. e5 Nd5 3. d4 d6 4. c4 Nb6 5. exd6 exd6 6. Nc3 Nc6 7. Be3 Be7 8. b3
O-O 9. Bd3 Re8 10. Nge2 Bg4 11. Qd2 Bf6 12. O-O Bxe2 13. Nxe2 d5 14. c5 Nd7 15.
b4 a6 16. Bc2 Ne7 17. a4 Ng6 18. Rab1 c6 19. b5 axb5 20. axb5 Ra3 21. Rb3 Rxb3
22. Bxb3 Qc7 23. Rc1 Ra8 24. Nc3 Nh4 25. Bc2 Qa5 26. bxc6 bxc6 27. Qd3 Nf8 28.
Na4 Qc7 29. Bd1 Ne6 30. g3 Ng6 31. Nb6 Ra7 32. Bf3 Bg5 33. Qd2 Qd8 34. Re1 Ngf8
35. h4 Bxe3 36. Qxe3 Qf6 37. Rd1 g6 38. Kg2 h5 39. Rd2 Kh7 40. Rd3 Ra2 41. Bd1
Qf5 42. Qf3 {(=)} 1/2-1/2

[Event "OLNN 1819 SC Diogenes - SG Turm Kiel II"]
[Site "?"]
[Date "2019.03.24"]
[Round "8.6"]
[White "Kalla, Christian"]
[Black "Budzyn, Matthias"]
[Result "1/2-1/2"]
[WhiteElo "1995"]
[BlackElo "2109"]
[PlyCount "71"]
[EventDate "2019.??.??"]

1. e4 e5 2. Nf3 Nc6 3. d4 exd4 4. Nxd4 Nf6 5. Nxc6 bxc6 6. e5 Qe7 7. Qe2 Nd5 8.
c4 Nb6 9. Nc3 Qe6 10. Qe4 d5 11. exd6 Qxe4+ 12. Nxe4 cxd6 13. Bf4 d5 14. cxd5
Nxd5 15. Bd2 Be7 16. Bd3 Nb4 17. Bxb4 Bxb4+ 18. Ke2 O-O 19. a3 Be7 20. Rhc1 f5
21. Nc5 Bf6 22. Rab1 a5 23. Kf1 Re8 24. Be2 Rb8 25. b3 f4 26. Bd3 f3 27. Be4
fxg2+ 28. Kxg2 Re5 29. f4 Rh5 30. Bxc6 Bh3+ 31. Kg3 Bf5 32. Be4 Rh3+ 33. Kg2
Bxe4+ 34. Kxh3 Bxb1 35. Rxb1 Be7 36. Nd7 {(=)} 1/2-1/2

[Event "OLNN 1819 SC Diogenes - SG Turm Kiel II"]
[Site "?"]
[Date "2019.03.24"]
[Round "8.7"]
[White "Luckow, Rolf"]
[Black "Buchholz, Robert"]
[Result "1-0"]
[WhiteElo "2220"]
[BlackElo "1990"]
[PlyCount "127"]
[EventDate "2019.??.??"]

1. b3 Nf6 2. Bb2 e6 3. e3 d5 4. Nf3 c5 5. Be2 Nc6 6. Bb5 Bd6 7. Ne5 Bxe5 8.
Bxc6+ bxc6 9. Bxe5 O-O 10. O-O Nd7 11. Bb2 e5 12. d3 f5 13. f4 e4 14. dxe4 fxe4
15. Rf2 Nf6 16. h3 Ba6 17. Ba3 Qb6 18. Nc3 Bb5 19. Qd2 Rfd8 20. Nxb5 cxb5 21.
b4 cxb4 22. Bxb4 a5 23. Bc3 b4 24. Bd4 Qb5 25. c3 bxc3 26. Qxc3 Rac8 27. Qb2
Qxb2 28. Rxb2 Rb8 29. Rab1 Rxb2 30. Rxb2 Rc8 31. Rb5 Rc1+ 32. Kh2 a4 33. Bxf6
gxf6 34. Rxd5 Rc2 35. Rd4 Rxa2 36. Rxe4 Re2 37. Rxa4 Rxe3 38. Kg1 Kg7 39. Kf2
Rb3 40. Re4 h5 41. Re3 Rb5 42. Kg3 Rb4 43. Kf3 Rb5 44. g4 hxg4+ 45. hxg4 Kg6
46. Kg3 Rb4 47. Ra3 Rc4 48. Ra6 Kf7 49. f5 Rc7 50. Kh4 Rb7 51. Kh5 Kg7 52. Rc6
Ra7 53. Rb6 Rc7 54. g5 fxg5 55. Kxg5 Ra7 56. Rh6 Ra5 57. Rg6+ Kf7 58. Rb6 Ra7
59. Rh6 Ra1 60. Rh7+ Kg8 61. Rb7 Kf8 62. Kg6 Ra6+ 63. f6 Ra8 64. Rh7 1-0

[Event "OLNN 1819 SC Diogenes - SG Turm Kiel II"]
[Site "?"]
[Date "2019.03.24"]
[Round "8.8"]
[White "Schwank, Johann"]
[Black "Cerny, Thorsten"]
[Result "0-1"]
[WhiteElo "1796"]
[BlackElo "2023"]
[PlyCount "50"]
[EventDate "2019.??.??"]

1. e4 d6 2. d4 Nf6 3. Nc3 g6 4. f4 Bg7 5. Nf3 O-O 6. Bd3 c5 7. dxc5 dxc5 8. Be3
Qa5 9. h3 Rd8 10. Bd2 Qb6 11. g4 Na6 12. Ne5 Nb4 13. Bc4 Be6 14. Na4 Qc7 15.
Bxe6 fxe6 16. Nc3 Nxe4 17. Nxe4 Bxe5 18. a3 Bxf4 19. axb4 Bxd2+ 20. Nxd2 Qg3+
21. Ke2 Rd5 22. Ra3 Qg2+ 23. Ke3 Re5+ 24. Kd3 Qd5+ 25. Kc3 Re3# 0-1